000
00298nam a2200145Ia 4500
100
_a
Ostergaard/ D.E.
942
_c
BK
654
_a
Diemaking
245
_a
Basic Diemaking
260
_b
McGraw Hill
_a
Newyork
_c
1963
082
_a
621.9
_b
Ost
300
_a
208
546
_a
ENGLISH
999
_c
20801
_d
20801